000 00674cam a2200229 4500
001 18711
003 BD-RjUL
005 20211209000325.0
008 140222s1973 enkaf 000 0 eng
035 _a(BD-RjUL)18769
040 _aDLC
_cDLC
_dDLC
_dBD-RjUL
_beng
041 _aeng
082 0 0 _a822.009
_bENG 1973
245 1 0 _aEnglish plays of the nineteenth century /
_cedited by Michael R. Booth.
_nVolume IV :
_pFarces.
260 _aOxford :
_bClarendon P.,
_c1973.
300 _a384 p. ;
_c23 cm.
650 0 _aEnglish drama
_y19th century.
_957637
700 1 _aBooth, Michael R.,
_ecomp.
_957593
942 _2ddc
_cBK
999 _c18711
_d18711